000 00394nam a2200133Ia 4500
008 150610s9999 xx 000 0 und d
020 _a9780590664875 
050 _aPZ7
_b.C5792 1970
100 _aCleary, Beverly
245 _aRunaway Ralph /
_cBeverly Cleary; illustrated by Louis Darling.
260 _aNew York :
_bScholastic,
_c1970.
300 _a175pages ;
_c20 cm.
520 _aFiction.
999 _c287919
_d287919